| 000 | nam a22 a 4500 | ||
|---|---|---|---|
| 999 |
_c461103 _d461103 |
||
| 003 | BLK | ||
| 005 | 20220614145446.0 | ||
| 008 | 180409b bul|||||r ||||||| ||bul|| | ||
| 040 | _aBLK | ||
| 041 |
_aBUL _cBUL |
||
| 080 |
_aРуска литература _b821.161.1 _x-31 _z821.161.1-31 |
||
| 100 |
_aГромова, Тамара _eпърви автор _9476232 |
||
| 139 | _aГромова, Тамара | ||
| 245 | 1 | 0 |
_aГотови да щурмуват небето _bПопул. очерци от историята на Комсомола _cТамара Громова; прев. от рус. Елка Хаджиева. |
| 260 |
_bНар. младеж _c1968 _aСофия |
||
| 300 |
_a212 с. _c22 см |
||
| 380 | _aX | ||
| 700 | 1 |
_aХаджиева, Елка _eпрев. от рус. _9367886 |
|
| 852 |
_aЦб 45772 _bЦб |
||
| 942 |
_cKNG _n0 _s1 |
||
| 944 |
_aCR _c2022-06-14 _l2022-06-14 _kвр |
||